000 00468nam a2200181Ia 4500
001 10430
005 20260306161831.0
008 260306t1988||||xx |||||||||||||| ||spa||
041 _aESP
082 _a928.2
_bP75
100 _aPolanco Alcántara, Tomas
_eAUT
245 0 _aLa huella de Pedro Emilio:
_b(biografía de Don Pedro Emilio Coll)
260 _c1988
300 _a321 páginas :
_c27 cm.
650 _aGEN
654 _aCHU
942 _cLIB
_dJUS
_fJUS
_2ddc
_n
999 _c10430
_d10430